000 00286nam a2200109 4500
008 160625b xxu||||| |||| 00| 0 eng d
100 _91187
_a Russell, D.H., et al
245 _aTrails to Treasure
260 _aBoston
_b Ginn & Com
_c1966
300 _aTrails to Treasure
942 _2ddc
_cBK
999 _c967
_d967